A-Z: names ending in X - Statistics

General Stats
  • This quiz has been taken 28 times
  • The average score is 12 of 26
Answer Stats
Initial letter Clue Name ending in X % Correct
B Borough of New York, starting with The Bronx
100%
R Swiss watch manufacturer Rolex
96%
H Surname of guitarist Jimi Hendrix
92%
L Eurythmics singer Annie and Celtic striker Bobby Lennox
88%
P City in Arizona Phoenix
88%
A First name of climber Honnold and football manager Ferguson Alex
85%
C Astrophysicist and pop keyboardist Brian Cox
85%
K German socialist writer who advocated for communism Karl Marx
85%
X Company who make photocopiers Xerox
85%
M Futuristic 1980s desert film with Mel Gibson Mad Max
54%
U Scottish pop group with Midge Ure, famous for "Vienna" Ultravox
50%
F Roald Dahl book, and film, about animal characters Fantastic Mr. Fox
42%
W TV personality Ruby Wax
42%
E Former Belgian cyclist Eddy Merckx
38%
N Broncos quarterback Bo Nix
38%
Q The Dutch monarch from 1980 to 2013 Queen Beatrix
38%
V Brand of vacuum cleaner Vax
27%
J The founder of the Church of Scotland in the 1500s John Knox
23%
Z Two-headed character from The Hitchhikers Guide to the Galaxy Zaphod Beeblebrox
15%
S Eastern French town with a strong football team Sochaux
12%
T New York Giants pass rusher Kayvon Thibodeaux
12%
D French town north of Chartres Dreux
4%
G French town near Geneva Gex
4%
O Another French town not far from Geneva Oyonnax
4%
I Paris suburb Issy-les-Moulineaux
0%
Y Town in Haute-Loire in central France Yssingeaux
0%
No matching quizzes found
Score Distribution
Percent of People with Each Score
Percentile by Number Answered
Your Score History
You have not taken this quiz